000 00884nam a2200241Ia 4500
008 130821s1999 sp gr spa
020 _a84 206 3669 X
040 _aCo-BoUCM
_bspa
041 0 0 _aspa
100 1 _aTroyes, Chrétien de
_d1135-1183
_9169710
245 1 3 _aEl cuento del grial
_cChrétein de Troyes ; introducción , traducción y notas de Carlos Alvar
260 _aMadrid (España)
_bAlianza
_c1999
300 _a259 páginas
490 3 _aEl libro de bolsillo Alianza Editorial.
_aBiblioteca artúrica.
_aBiblioteca temática
650 _aLibros de caballerías
_918507
650 _aLiteratura europea
_926524
650 _aLiteratura francesa
_97794
650 _aNovela francesa
_920506
700 1 _aAlvar, Carlos
_etrad.
_940722
765 _tLi contes del graal.
942 _cLIBRO
_a18
_e1
_mT864cu
_2DEWEY
_h843.1
_n0
999 _c77426
_d77426